000 00825nam a2200253Ia 4500
003 OSt
005 20220923211447.0
006 a|||||r|||| 00| 0
007 ta
008 Pun
020 _a9789350680612 (hbk)
_c125
024 _a281,270
037 _b899, 25/07/2014, Bright Book Service
_cTextual
040 _aARTS
_cARTS
_bPun
041 _2Pun
_aPun
082 _aO153,1NPA6x, Q4
100 _aਪਾਤਰ, ਸੁਰਜੀਤ
_9156291
245 0 _aਲਖ਼ਗ਼ਾਂ ਦੀ ਦਰਗਾਹ
260 _aਚੰਡੀਗੜ
_b ਲੋਕਗੀਤ ਪ੍ਰਕਾFਨ
_c2014
300 _a96ਪੰ
_ccm.
650 _aਪੰਜਾਬੀ ਸਾਹਿਤ
942 _hO153,1NPA6x, Q4
_cTEXL
_2CC
999 _c299750
_d299750